Countries by ruler - Statistics

General Stats
  • This quiz has been taken 13 times
  • The average score is 11 of 14
Answer Stats
Hint Answer % Correct
Joseph II, Charles I, Franz Joseph Austria Hungary
100%
Qin Shi Huang, Taizon Tang, Kangxi China
100%
Alfred the Great, Henry VIII, Richard Lionheart England
100%
Louis XIV, Clovis, Louis XVI France
100%
Ferdinand, Charles, Phillip II Spain
100%
Hadrian, Constantine, Marcus Aurelius Rome
92%
Gustav I, Gustav Adolphus, Erik XIV Sweden
92%
Rhodri Mawr, Gruffudd ap Llywelyn, Hywel Dda Wales
92%
Cyrus the Great, Darius I, Xerxes Persia
83%
Frederick II, Wilhelm I, Wilhelm II Prussia
83%
Kublai, Genghis, Batu Mongol empire
58%
Julius II, Pius IX, Alexander VI Papal States
42%
Shaka, Cetshwayo kaMpande, Dinzulu KaCetshwayo Zulu empire
33%
Babur, Humayan, Shah Jahan Mughals
8%
No matching quizzes found
Score Distribution
Percent of People with Each Score
Percentile by Number Answered
Your Score History
You have not taken this quiz